Tŕnistá cesta zelenej módy : Odeváci z Lipian oblečú Armádu SR do nových rovnošiat

Podrobná bibliografia
Hlavný autor: Michnica, Jozef (Author)
Médium: Článok
Jazyk:Slovak
Témy:
Zdroj: 1. Lúč 1. Roč. 6, č. 145(1997), dát. 0625, s. 4
LEADER 00860nab#a2200313#ar4500
001 000015134
003 SVKKK
005 00000000000000.0
008 c xo e sloo
FMT
038 |a SVKKK 
040 |a SVKKK  |b slo  |e AACR2 
041 0 |a slo 
044 |a xo  |c SK 
080 |a 687.1  |2 1981 
100 1 |a Michnica, Jozef  |4 aut 
245 1 0 |a Tŕnistá cesta zelenej módy :  |b Odeváci z Lipian oblečú Armádu SR do nových rovnošiat  |c Michnica Jozef, , Michnica Jozef 
300 |b Fotogr. 2 
650 0 4 |a Odeva, s.r.o., Lipany (SB)  |x rovnošaty pre Armádu SR  |x výroba  |x reportáže 
700 1 |a Michnica, Jozef  |4 aut 
773 0 |t Lúč  |g Roč. 6, č. 145(1997), dát. 0625, s. 4 
957 |a Lipany 
958 |a RE 
958 |a SB 
974 |d 971114  |a Čr 
992 |a RBX 
BAS
852 |a SVKKK  |b BIB 
998 |a REG